ბათუმის შოთა რუსთაველის სახელმწიფო უნივერსიტეტის ბიბლიოთეკა

Kommunikation im Tourismus: (ბიბ.ჩანაწერი № 63265)

000 -LEADER
fixed length control field 00610nam a22001817a 4500
005 - DATE AND TIME OF LATEST TRANSACTION
control field 20250711130836.0
008 - FIXED-LENGTH DATA ELEMENTS--GENERAL INFORMATION
fixed length control field 250711s2009 ge ||||| |||| 00| 0 ger d
020 ## - INTERNATIONAL STANDARD BOOK NUMBER
International Standard Book Number 9783464212332 X
041 ## - LANGUAGE CODE
Language code of text/sound track or separate title ger
080 ## - UNIVERSAL DECIMAL CLASSIFICATION NUMBER
Universal Decimal Classification number 811.112.1 L-64
100 ## - MAIN ENTRY--PERSONAL NAME
Personal name Levy-hillerich, Dorothea
9 (RLIN) 25638
245 ## - TITLE STATEMENT
Title Kommunikation im Tourismus:
Remainder of title Kursbuch /
Statement of responsibility, etc. Dorothea Lévy-Hillerich
260 ## - PUBLICATION, DISTRIBUTION, ETC.
Place of publication, distribution, etc. Plzen:
Name of publisher, distributor, etc. Fraus,
Date of publication, distribution, etc. 2009.
300 ## - PHYSICAL DESCRIPTION
Extent 150 p.:
Other physical details Illus; Diagramme,
Dimensions + 1 CD-ROM
Accompanying material 26 cm.
653 ## - INDEX TERM--UNCONTROLLED
keyword Kommunikation im Tourismus
653 ## - INDEX TERM--UNCONTROLLED
keyword კომუნიკაცია ტურიზმში
942 ## - ADDED ENTRY ELEMENTS (KOHA)
Source of classification or shelving scheme
Koha item type წიგნი
ეგზემპლარები
Withdrawn status Lost status Source of classification or shelving scheme Damaged status Not for loan Permanent Location Current Location Shelving location Date acquired Cost, normal purchase price Full call number Barcode Date last seen Copy number Price effective from Koha item type Public note
          ბათუმის შოთა რუსთაველის სახელმწიფო უნივერსიტეტის მთავარი ბიბლიოთეკა ბათუმის შოთა რუსთაველის სახელმწიფო უნივერსიტეტის მთავარი ბიბლიოთეკა წიგნსაცავი 2025-07-11 147.00 811.112.1 L-64 72099 2025-07-11 72099 2025-07-11 წიგნი 147.00
          ბათუმის შოთა რუსთაველის სახელმწიფო უნივერსიტეტის მთავარი ბიბლიოთეკა ბათუმის შოთა რუსთაველის სახელმწიფო უნივერსიტეტის მთავარი ბიბლიოთეკა წიგნსაცავი 2025-07-11 147.00 811.112.1 L-64 72100 2025-07-11 72100 2025-07-11 წიგნი 147.00
          ბათუმის შოთა რუსთაველის სახელმწიფო უნივერსიტეტის მთავარი ბიბლიოთეკა ბათუმის შოთა რუსთაველის სახელმწიფო უნივერსიტეტის მთავარი ბიბლიოთეკა წიგნსაცავი 2025-07-11 147.00 811.112.1 L-64 72101 2025-07-11 72101 2025-07-11 წიგნი 147.00
          ბათუმის შოთა რუსთაველის სახელმწიფო უნივერსიტეტის მთავარი ბიბლიოთეკა ბათუმის შოთა რუსთაველის სახელმწიფო უნივერსიტეტის მთავარი ბიბლიოთეკა წიგნსაცავი 2025-07-11 147.00 811.112.1 L-64 72102 2025-07-11 72102 2025-07-11 წიგნი 147.00
          ბათუმის შოთა რუსთაველის სახელმწიფო უნივერსიტეტის მთავარი ბიბლიოთეკა ბათუმის შოთა რუსთაველის სახელმწიფო უნივერსიტეტის მთავარი ბიბლიოთეკა წიგნსაცავი 2025-07-11 147.00 811.112.1 L-64 72103 2025-07-11 72103 2025-07-11 წიგნი 147.00